| 000 | 00889nam a2200277 a 4500 | ||
|---|---|---|---|
| 005 | 20140310183620.0 | ||
| 008 | 121023s19uu xx 00 eng d | ||
| 020 | _a9781451120929 | ||
| 020 | _a0781752698 | ||
| 050 |
_aRM 300 _b.K37 2003 |
||
| 100 | _aKarch, Amy Morrison | ||
| 245 |
_aFocus on nursing pharmacology / _cAmy M. Karch. |
||
| 250 | _a5th ed. | ||
| 260 |
_aPhiladelphia ; Baltimore ; New York ; London : _bWolters Kluwer Health/Lippincott Williams & Wilkins, _c2003. |
||
| 300 |
_a886 p. : _bill. ; _c25 cm. |
||
| 500 | _aIncludes bibliographical references and index | ||
| 521 | _aNUR | ||
| 650 | _aPharmacology | ||
| 650 | _aNursing | ||
| 650 |
_aPharmaceutical Preparations _xNurses' Instruction |
||
| 650 |
_aDrug Therapy _xNurses' Instruction |
||
| 650 |
_aPharmacology _xNurses' Instruction |
||
| 942 |
_cBK _2lcc _kFOR |
||
| 999 |
_c25393 _d25393 |
||